Cultura mexicana moderna en el siglo XVIII /
En este libro se presenta un estudio acerca de la cultura en nuestro país en el siglo XVIII; el énfasis está puesto en las doctrinas filosóficas imperantes en la época. Sin embargo, el estudio incluye la presencia de los jesuitas como exponentes de un pensamiento moderno, la forma de asumirse como n...
Guardado en:
| Autor principal: | |
|---|---|
| Formato: | Libro |
| Idioma: | Español |
| Publicado: |
México :
UNAM, Facultad de Filosofía y Letras,
1964, c1964
|
| Colección: | (Seminario de Historia de la Filosofía en México ;
2) |
| Temas: | |
| Etiquetas: |
Sin etiquetas, Sé el primero en etiquetar este registro!
|
MARC
| LEADER | 00000nam^a2200000^a^4500 | ||
|---|---|---|---|
| 001 | 000120329 | ||
| 005 | 20250521000000.0 | ||
| 009 | 20260310094348.131 | ||
| 037 | |a Acervo ITESO - Biblioteca | ||
| 041 | |a ESP | ||
| 082 | |a 972. 03 |b NAV | ||
| 100 | |a Navarro B., Bernabé |e (autor) | ||
| 245 | 1 | 0 | |a Cultura mexicana moderna en el siglo XVIII / |c B. Navarro B. |
| 264 | 4 | |a México : |b UNAM, Facultad de Filosofía y Letras, |c 1964, c1964 | |
| 300 | |a 230 p. | ||
| 336 | |a texto |b txt |2 rdacontenido | ||
| 337 | |a sin mediación |b n |2 rdamedio | ||
| 338 | |a volumen |b nc |2 rdasoporte | ||
| 440 | 1 | |a (Seminario de Historia de la Filosofía en México ; |v 2) | |
| 520 | |a En este libro se presenta un estudio acerca de la cultura en nuestro país en el siglo XVIII; el énfasis está puesto en las doctrinas filosóficas imperantes en la época. Sin embargo, el estudio incluye la presencia de los jesuitas como exponentes de un pensamiento moderno, la forma de asumirse como nación frente a Europa y la consecuente guerra de independencia. | ||
| 649 | |a XX | ||
| 650 | |a Humanismo | ||
| 650 | |a Racionalismo | ||
| 650 | |a Ilustración (Filosofía) | ||
| 650 | |a Filosofía del Renacimiento | ||
| 650 | |a Filosofía Moderna | ||
| 650 | |a Filosofía - |z México - |x Historia - |y Epoca Colonial, 1517-1821 | ||
| 650 | |a Nacionalismo - |z México - |x Historia - |y Epoca Colonial, 1517-1821 | ||
| 650 | |a Jesuitas en México - |x Historia | ||
| 650 | |a México - |x Historia - |y Guerra de Independencia, 1810-1821 | ||
| 650 | |a México - |x Historia - |y Virreinato, 1535-1821 | ||
| 650 | |a México - |x Historia - |y Epoca Colonial, 1517-1821 | ||
| 910 | |a Fondo Salvador Reynoso Reynoso | ||
| 920 | |a Impresos - Libros | ||
| 930 | |a Fondos Especiales | ||
| 905 | |a 112 | ||
| 901 | |a 0800005818 |b IT2 |c ESP |u 20250521 | ||
| 902 | |a https://opac.biblio.iteso.mx/vufind/Record/000120329 | ||